00926nac a22002657a 4500001001000000003000900010005001700019008003400036040005400070072000800124100001900132100001600151110007600167245014500243260003400388300001000422490010200432500001300534650002300547650001000570650002100580650002300601650001600624650002000640BR8104470BR-BrBNA20240105115033.0230509b bl.|||m| |||| 00| 0 por d aBR-BrBNAbporcBiblioteca Nacional de Agricultura aE501 aGalvao, M.R.S.1 aSampaio, Y.1 aUniversidade Federal de Pernambuco, Recife (Brasil). Depto. de Economia1 aEfeitos e impacto de saude em um projeto de desenvolvimento rural integrado [Regiao Nordeste, Brasil]bCurso de Mestrado em Economia - PIMES3 aRecife, PE (Brasil): c1981.  a19 p. aTexto para Discussao - Universidade Federal de Pernambuco. Depto. de Economia (Brazil)vno. 110x a6 tables aPLANEJAMENTO RURAL aSAUDE aCOMUNIDADE RURAL aASSISTENCIA SOCIAL aBAIXA RENDA aREGIAO NORDESTE